[Event "Sandefjord Caissa op"]
[Site "Sandefjord"]
[Date "2006.11.27"]
[Round "9"]
[White "Brix, Jan"]
[Black "Hansen, Fredrik"]
[Result "1-0"]
[WhiteElo "1441"]
[BlackElo "784"]
[PlyCount "47"]
[EventDate "2006.08.21"]
[EventType "swiss"]
[EventRounds "9"]
[EventCountry "NOR"]
[SourceTitle "EXT 2009"]
[Source "ChessBase"]
[SourceDate "2008.11.26"]
[SourceVersion "1"]
[SourceVersionDate "2008.11.26"]
[SourceQuality "1"]

1. e4 e5 2. Nf3 Nc6 3. d4 d6 4. Bc4 a6 5. Nc3 b5 6. Be2 Be6 7. d5 Nd4 8. dxe6 Nxe6 9. 0-0 c6 10. Be3 Nc7 11. Bb6 Rb8 12. Bxc7 Qxc7 13. Qd2 Rd8 14. Rad1 b4 15. Na4 a5 16. Bc4 d5 17. exd5 cxd5 18. Bb5+ Rd7 19. Nxe5 Nf6 20. Bxd7+ Nxd7 21. Nxd7 Bd6 22. Rfe1+ Be7 23. Qxd5 Qxc2 24. Qa8+ 1-0

[Event "Sandefjord Caissa CC-ch"]
[Site "Sandefjord"]
[Date "2006.01.23"]
[Round "2"]
[White "Sundby, Morten"]
[Black "Hansen, Fredrik"]
[Result "1-0"]
[WhiteElo "1313"]
[BlackElo "784"]
[PlyCount "123"]
[EventDate "2006.01.16"]
[EventType "swiss"]
[EventRounds "8"]
[EventCountry "NOR"]
[SourceTitle "EXT 2007"]
[Source "ChessBase"]
[SourceDate "2006.11.23"]
[SourceVersion "1"]
[SourceVersionDate "2006.11.23"]
[SourceQuality "1"]

1. e4 e5 2. Nf3 Bc5 3. d4 exd4 4. Nxd4 Nf6 5. Bg5 h6 6. Bxf6 Qxf6 7. c3 0-0 8. Bc4 Nc6 9. Nf5 g6 10. Nxh6+ Kh7 11. Ng4 Qf4 12. 0-0 d6 13. Be2 Ne5 14. g3 Qg5 15. h4 Qe7 16. Kh2 g5 17. f4 Nxg4+ 18. Bxg4 Bxg4 19. Qxg4 f6 20. Nd2 c6 21. Rae1 Rg8 22. Qf5+ Kh8 23. fxg5 fxg5 24. h5 Rad8 25. Qg4 d5 26. e5 Qh7 27. Nb3 Bb6 28. Nd4 c5 29. Nf5 Ba5 30. Nd6 d4 31. Nf7+ Kg7 32. Qf5 Qxf5 33. Rxf5 Rd7 34. e6 Re7 35. h6+ Kg6 36. Rxc5 b6 37. Rxg5+ Kf6 38. Rxg8 dxc3 39. bxc3 Bxc3 40. Rf1+ Kxe6 41. h7 Rxf7 42. Rxf7 Kxf7 43. h8Q Bxh8 44. Rxh8 Ke6 45. Ra8 a5 46. Rb8 Kd6 47. Rxb6+ Kc5 48. Rb8 Kc6 49. g4 Kd6 50. Ra8 Ke6 51. Rxa5 Kf6 52. Kg3 Kg6 53. Kf4 Kf6 54. Ra6+ Kg7 55. Kf5 Kf7 56. Ra7+ Ke8 57. Kf6 Kd8 58. g5 Kc8 59. g6 Kb8 60. Rf7 Kc8 61. g7 Kd8 62. g8Q# 1-0

[Event "Sandefjord Caissa op"]
[Site "Sandefjord"]
[Date "2005.11.14"]
[Round "8"]
[White "Sundby, Morten"]
[Black "Hansen, Fredrik"]
[Result "1-0"]
[WhiteElo "1242"]
[BlackElo "813"]
[PlyCount "55"]
[EventDate "2005.08.29"]
[EventType "swiss"]
[EventRounds "9"]
[EventCountry "NOR"]
[SourceTitle "EXT 2007"]
[Source "ChessBase"]
[SourceDate "2006.11.23"]
[SourceVersion "1"]
[SourceVersionDate "2006.11.23"]
[SourceQuality "1"]

1. e4 e5 2. Nf3 Bc5 3. Nc3 d6 4. Bc4 c6 5. d4 exd4 6. Nxd4 d5 7. exd5 cxd5 8. Bb3 Nf6 9. Bg5 0-0 10. 0-0 Qb6 11. Nf3 Bg4 12. Bxd5 a6 13. h3 Bh5 14. Bb3 Nc6 15. Bxf6 gxf6 16. Na4 Qa5 17. Qd5 b6 18. Qd3 Bd4 19. Nxd4 Nxd4 20. Qxd4 Rad8 21. Qxf6 Rd7 22. Nc3 Qb4 23. Nd5 Qc5 24. Nxb6 Rb7 25. Na4 Qb4 26. Qxa6 Qe4 27. Nc5 Qe7 28. Nxb7 1-0

[Event "Sandefjord Caissa op"]
[Site "Sandefjord"]
[Date "2005.09.05"]
[Round "2"]
[White "Hansen, Fredrik"]
[Black "Tidemann Andersen, Leif"]
[Result "0-1"]
[WhiteElo "813"]
[BlackElo "1536"]
[PlyCount "42"]
[EventDate "2005.08.29"]
[EventType "swiss"]
[EventRounds "9"]
[EventCountry "NOR"]
[SourceTitle "EXT 2007"]
[Source "ChessBase"]
[SourceDate "2006.11.23"]
[SourceVersion "1"]
[SourceVersionDate "2006.11.23"]
[SourceQuality "1"]

1. e4 c5 2. e5 Nc6 3. Nf3 Qc7 4. Qe2 e6 5. c3 d5 6. d4 cxd4 7. cxd4 Nxd4 8. Nxd4 Qxc1+ 9. Qd1 Bb4+ 10. Nd2 Bxd2+ 11. Ke2 Qxb2 12. Rb1 Qxd4 13. Rb3 Bc3 14. Qd3 Qxe5+ 15. Kd1 d4 16. Rb5 Qe1+ 17. Kc2 Bd7 18. Rxb7 Ba4+ 19. Rb3 Rc8 20. Qa6 Qd2+ 21. Kb1 Qd1# 0-1

[Event "Sandefjord Caissa op"]
[Site "Sandefjord"]
[Date "2005.08.29"]
[Round "1"]
[White "Solberg, Svenn"]
[Black "Hansen, Fredrik"]
[Result "1-0"]
[WhiteElo "1064"]
[BlackElo "813"]
[PlyCount "51"]
[EventDate "2005.08.29"]
[EventType "swiss"]
[EventRounds "9"]
[EventCountry "NOR"]
[SourceTitle "EXT 2007"]
[Source "ChessBase"]
[SourceDate "2006.11.23"]
[SourceVersion "1"]
[SourceVersionDate "2006.11.23"]
[SourceQuality "1"]

1. d4 d5 2. c4 Nf6 3. Nc3 e6 4. Bf4 dxc4 5. e3 Bb4 6. Qc2 g6 7. Nf3 Nd5 8. Bg3 0-0 9. Bxc4 Nb6 10. Bd3 Re8 11. Ne5 Qd5 12. 0-0 Qd8 13. f4 c5 14. dxc5 Bxc5 15. Rae1 Nc6 16. Ne4 Bb4 17. Rd1 Ba5 18. Ng5 f6 19. Bxg6 fxg5 20. Bxh7+ Kf8 21. Rxd8 Rxd8 22. fxg5+ Ke7 23. Qc5+ Rd6 24. Rf7+ Ke8 25. Qxd6 Nxe5 26. Qe7# 1-0